00518 2200205 4500001002100000005001500021035002000036007000300056008004100059020000600100082000800106084001400114100001700128245004200145250001100187260003900198300004000237650001800277990001700295INLIS00000000000245420260413070920 a0010-0426000004ta260413 0 ind  a- a900 a900 JOS v0 ajoseph haydn1 avictor quirin plasser /cjoseph haydn acet. 2 aJakarta :bbpk gunung mulia,c1980 a55 hlm :bilust ;c15 cm x 21 cme- 4aKesusasteraan abuku900/2026